Statistics for Clueless #12

Click here to take the quiz!

General Stats

  • This quiz has been taken 205 times
    (7 since last reset)
  • The average score is 80 of 170

Answer Stats

Word % Correct
    The    
100%
    The    
100%
     I      
100%
    the    
100%
   didn't   
86%
   Don't    
86%
    Who    
86%
    who    
86%
     on     
86%
  there's  
86%
     is     
86%
    was    
86%
   "Don't   
86%
    your    
86%
    you    
86%
     An     
86%
     a      
86%
    him    
71%
     he     
71%
   cried    
71%
   their    
71%
    sang    
71%
    cry    
71%
   Cried    
71%
    They    
71%
    went    
71%
    them    
71%
   There    
71%
   there    
71%
   "There   
71%
     go     
71%
    they    
71%
    man    
71%
    out,    
71%
   wolf!"   
71%
    boy    
71%
    boy.    
71%
   boy,"    
71%
     to     
71%
     To     
71%
   wolf.    
71%
   wolf',   
71%
   wolf'    
71%
    and    
71%
   Wolf!    
71%
   Wolf!"   
71%
    Wolf    
71%
   "We'll   
71%
    wolf    
71%
   "Wolf!   
71%
  "Wolf!"  
71%
    Wolf    
71%
    Boy    
71%
    But    
71%
    once    
71%
    out    
71%
  himself,  
71%
    his    
71%
  running  
57%
    run    
57%
  village.  
57%
    said    
57%
   said,    
57%
    saw    
57%
   sight    
57%
  village  
57%
     no     
57%
 villagers  
57%
 villagers, 
57%
   walked   
57%
   "when    
57%
    when    
57%
    When    
57%
    why    
57%
    Why    
57%
     NO     
57%
     of     
57%
  everyone  
57%
    just    
57%
   hadn't   
57%
   liar,    
57%
   "Save    
43%
  grinned  
43%
     so     
43%
    took    
43%
  telling  
43%
   found    
43%
    for    
43%
     as     
43%
    find    
43%
    help    
43%
     at     
43%
     At     
43%
  truth!"  
43%
     up     
43%
    down    
43%
    came    
43%
   come?"   
43%
   come.    
43%
    sat    
43%
    back    
43%
   here!    
43%
   really   
43%
  laughed  
43%
    old    
43%
  hillside  
43%
   hill.    
43%
    hill    
43%
    REAL    
43%
     in     
43%
  naughty  
43%
   could,   
43%
   hill,    
43%
   breath   
29%
   faces.   
29%
  thought  
29%
    top    
29%
   bored    
29%
  weeping.  
29%
   more.    
29%
  chasing  
29%
   drive    
29%
   away.    
29%
  watched  
29%
  watching  
29%
    even    
29%
  arrived  
29%
    song    
29%
   angry    
29%
   sheep    
29%
   sheep.   
29%
  sheep!"  
29%
  shepherd  
29%
   amuse    
29%
    with    
29%
   again,   
29%
   loudly   
29%
 frightened 
14%
  believes  
14%
    has    
14%
  returned  
14%
    look    
14%
   leaped   
14%
 something  
14%
  comfort  
14%
    feet    
14%
   great    
14%
   wrong!   
0%
  wondered  
0%
  Alarmed,  
0%
   about    
0%
    arm    
0%
   around   
0%
    lost    
0%
  delight,  
0%
   trying   
0%
   tried    
0%
   flock    
0%
   flock.   
0%
    fool    
0%
  sunset,  
0%
  sternly  
0%
 grumbling  
0%
 scattered! 
0%
  putting  
0%
  prowling  
0%
   Later,   
0%
  "Nobody  
0%
 morning,"  
0%
   youth,   
0%

Score Distribution

Percentile by Number Answered

Percent of People with Each Score

Your Score History

You have not taken this quiz since the last reset